Score 0/16 Timer 04:00
3 Plays Today
Shuffle the Deck... ...Dealt Face Up % Correct
RAWWar
98.7%
UONUno
98.5%
OG IHSFGo Fish
97.5%
LOD DAIMOld Maid
96.5%
REKPOPoker
95.2%
NGI UMYMRGin Rummy
93.6%
DEPESSpeed
92%
KAKBCLAJCBlackjack
90%
Shuffle the Deck... ...Dealt Face Up % Correct
CYAZR TIGHESCrazy Eights
87.1%
BIGREDBridge
75.8%
BBICRGEACribbage
62.6%
HSAETRHearts
55.7%
TBRAACACBaccarat
54.1%
ORALITIESSolitaire
53.5%
CHELONPIPinochle
47.9%
ECRUEHEuchre
40%
Remove Ads.
Support Sporcle.
Get the best of Sporcle when you Go Orange. This ad-free experience offers more features, more stats, and more fun while also helping to support Sporcle. Thank you for becoming a member.

You're not logged in!

Compare scores with friends on all Sporcle quizzes.
OR
Log In

Show Comments

Extras

Top Quizzes Today


Score Distribution

Your Account Isn't Verified!

In order to create a playlist on Sporcle, you need to verify the email address you used during registration. Go to your Sporcle Settings to finish the process.

Report this User

Report this user for behavior that violates our Community Guidelines.

Details: